MARC

LEADER 00000nam0a2200000 4500
001 234451
005 20231031203959.0
035 |a (RuTPU)RU\TPU\book\255574 
090 |a 234451 
100 |a 20130325d1906 m y0rusy50 ca 
101 1 |a rus  |c fre 
102 |a RU 
105 |a a z 000zy 
200 1 |a История архитектуры  |h Т. 1  |f О. Шуази  |g пер. с фр. Н. С. Курдюкова 
210 |a Москва  |c Издание гр. П. С. Уваровой  |d 1906 
215 |a 556 с.  |c ил. 
606 1 |a Архитектура  |x История  |2 stltpush  |3 (RuTPU)RU\TPU\subj\29465 
610 1 |a доисторические времена 
610 1 |a Египет 
610 1 |a конструктивные методы 
610 1 |a дерево 
610 1 |a металл 
610 1 |a каменные конструкции 
610 1 |a формы 
610 1 |a пропорции 
610 1 |a памятники 
610 1 |a гробницы 
610 1 |a Ассирия 
610 1 |a Персия 
610 1 |a Индия 
610 1 |a Китай 
610 1 |a Япония 
610 1 |a финикийцы 
610 1 |a до-эллинская архитектура 
610 1 |a убранство 
610 1 |a конструкции 
610 1 |a греческая архитектура 
610 1 |a дорический ордер 
610 1 |a юнический ордер 
610 1 |a симметрии 
610 1 |a храмы 
610 1 |a римская архитектура 
610 1 |a ордера 
675 |a 72(09)  |v 3 
700 1 |a Шуази  |b О.  |g Огюст 
702 1 |a Курдюков  |b Н. С.  |4 730 
801 1 |a RU  |b 63413507  |c 20130325 
801 2 |a RU  |b 63413507  |c 20140610  |g RCR 
942 |c BK